| 000 | 00374nam a22001337a 4500 | ||
|---|---|---|---|
| 082 |
_a413.1 _bARP _cL-01, P-46 |
||
| 100 |
_aArora, Dhram Dev _946855 |
||
| 245 |
_aArora's children picture dictionary _cArora, Dhram Dev |
||
| 260 |
_aIndia _bArora book |
||
| 300 |
_a113 p. _bill. _c22 cm |
||
| 526 |
_a0 _b0 _c0 _d413_100000000000000_ARP |
||
| 650 |
_aMCE _9379 |
||
| 942 |
_2ddc _cBK |
||
| 999 |
_c550104 _d550104 |
||